000
00332nam a2200133 a 4500
005
20140412111328.0
008
110121s19uu xx 00 eng d
050
_a
ER
_b
Ga11 1991
100
_a
Davis, Jim
245
_a
Garfield at the gym.
260
_a
Racine, Wisconsin :
_b
A Golden Book,
_c
1991.
440
_a
999
_c
104794
_d
104794